000
00280nam a22001337a 4500
008
170815b xxu||||| |||| 00| 0 eng d
020
_a
2900534494239
041
_a
eng
080
_a
51
100
_a
36
101
_a
MAT
245
_a
TRIGONOMETRY
_c
SMITH,K.J
942
_2
udc
_c
BK
999
_c
23457
_d
23457